A gyertyak csonkig egnek (Înregistrare nr. 28)
| 000 -LEADER | |
|---|---|
| fixed length control field | 00562nam a2200181 a 4500 |
| 005 - DATE AND TIME OF LATEST TRANSACTION | |
| control field | 20260702183512.0 |
| 020 ## - INTERNATIONAL STANDARD BOOK NUMBER | |
| International Standard Book Number | 9789732103456 |
| 041 0# - LANGUAGE CODE | |
| Language code of text/sound track or separate title | hun |
| 082 04 - DEWEY DECIMAL CLASSIFICATION NUMBER | |
| Classification number | 821.511.141-31 MAR |
| 100 1# - MAIN ENTRY--PERSONAL NAME | |
| Personal name | Marai, Sandor |
| 245 10 - TITLE STATEMENT | |
| Title | A gyertyak csonkig egnek |
| 260 ## - PUBLICATION, DISTRIBUTION, ETC. | |
| Place of publication, distribution, etc. | Budapest |
| Name of publisher, distributor, etc. | Helikon |
| Date of publication, distribution, etc. | 2017 |
| 300 ## - PHYSICAL DESCRIPTION | |
| Extent | 180 p. |
| Dimensions | 20 cm |
| 520 ## - SUMMARY, ETC. | |
| Summary, etc. | Roman psihologic maghiar despre prietenie, onoare și trădare; o singură noapte de confruntare între doi vechi prieteni readuce trecutul la lumină. |
| 546 ## - LANGUAGE NOTE | |
| Language note | Text în limba maghiară |
| 650 #0 - SUBJECT ADDED ENTRY--TOPICAL TERM | |
| Topical term or geographic name entry element | Roman maghiar |
| 942 ## - ADDED ENTRY ELEMENTS (KOHA) | |
| Koha item type | Carte |
| Withdrawn status | Lost status | Damaged status | Not for loan | Home library | Current library | Date acquired | Total checkouts | Full call number | Barcode | Date last seen | Price effective from | Koha item type |
|---|---|---|---|---|---|---|---|---|---|---|---|---|
| Biblioteca Comunală Joseni | Biblioteca Comunală Joseni | 07/02/2026 | 821.511.141-31 MAR | ARTABHR0228 | 07/02/2026 | 07/02/2026 | Carte | |||||
| Biblioteca Județeană Kájoni János | Biblioteca Județeană Kájoni János | 07/02/2026 | 821.511.141-31 MAR | ARTABJHR28 | 07/02/2026 | 07/02/2026 | Carte |